00531nam a22001577a 4500999001900000020000600019082001500025100002300040245004000063260004500103300001000148942001200158504002600170650003400196952014300230 c532524d532524 a- a692.3bSON aSoni Saurabh Kumar aBuilding Materials and Construction aNew Delhi :bS.K. Kataria & Sons;c2014. a484p. 2ddccBK aIncludes bibliography aBuilding constructions918370 00102ddc406692_300000000000000_SON709491983aNITbNITd2019-11-25l3m2o692.3 SONpNIT-12405r2023-04-10s2023-01-11w2019-11-25yBK